Second Largest City by Island - Statistics

General Stats
  • This quiz has been taken 26 times
  • The average score is 10 of 18
Answer Stats
Island City % Correct
Great Britain Birmingham
100%
Hispaniola Port au Prince
96%
North Island Wellington
96%
Ireland Belfast
92%
Java Surabaya
83%
Honshu Yokohama
79%
Sicily Catania
67%
Cyprus Limassol
67%
Taiwan Kaohsiung
58%
Jamaica Montego Bay
54%
Sri Lanka Kandy
50%
Cuba Santiago de Cuba
42%
Corsica Bastia
33%
Vancouver Island Nanaimo
29%
Sumatra Palembang
25%
Kyushu Kitakyushu
21%
Sardinia Sassari
21%
Puerto Rico Bayamón
8%
No matching quizzes found
Score Distribution
Percent of People with Each Score
Percentile by Number Answered
Your Score History
You have not taken this quiz